Fundamental of agricultural economics. (Record no. 36799)

MARC details
000 -LEADER
fixed length control field 00381nam a2200145Ia 4500
082 ## - DEWEY DECIMAL CLASSIFICATION NUMBER
Classification number 338.43.01
Item number SAD
100 ## - MAIN ENTRY--AUTHOR NAME
Personal name AMARJIT SINGH, A N
245 #0 - TITLE STATEMENT
Title Fundamental of agricultural economics.
260 ## - PUBLICATION, DISTRIBUTION, ETC. (IMPRINT)
Place of publication Bombay
Name of publisher Himalaya
Year of publication 1983
650 ## - SUBJECT ADDED ENTRY--TOPICAL TERM
Topical Term Agricultural economics
650 ## - SUBJECT ADDED ENTRY--TOPICAL TERM
Topical Term Farm management
700 ## - ADDED ENTRY--PERSONAL NAME
Personal name SADHU
942 ## - ADDED ENTRY ELEMENTS (KOHA)
Koha item type Books
Holdings
Withdrawn status Lost status Damaged status Not for loan Home library Current library Date acquired Full call number Accession Number Koha item type
        RRII Library RRII Library 16/12/2021 338.43.01 SAD 17197 Books